Talentos. Clases de español profesional A1-B1.

Guardat en:
Dades bibliogràfiques
Autor principal: Dorado Debeza, María Dolores (autora)
Altres autors: Márquez Sánchez, Calíope Dafne (autora), Ramos Gómez, Esther (autora), Uclés Sánchez, Francisco Javier (autor)
Format: Llibre
Publicat: Barcelona, España: Difusión, 2024.
Edició:Edición Híbrida.
Matèries:
Etiquetes: Afegir etiqueta
Sense etiquetes, Sigues el primer a etiquetar aquest registre!

MARC

LEADER 00000nam a22000007a 4500
003 CL-VaPUC
005 20240812120231.0
008 240807t2024 ||||| |||| 00| 0 eng d
999 |c 444416  |d 444414 
020 |a 978-84-1157-145-6 
040 |c Pontificia Universidad Católica de Valparaíso 
082 7 |2 22  |a 465 DOR 2024 
100 |a Dorado Debeza, María Dolores  |e autora  |9 890571 
245 |a Talentos.  |b Clases de español profesional A1-B1. 
250 |a Edición Híbrida. 
260 |a Barcelona, España:   |b Difusión,  |c 2024. 
300 |a 191 páginas. 
500 |a c.1 Entregado por Profesor René Venegas 07-08-2024 
583 |c 20240807  |k Catalogador Asistente 
650 0 |9 890161  |a Lengua española  |v Ejercicios y problemas  |x Gramática 
650 0 |9 890126  |a Spanish language  |v Exercises and problems  |x Gramma 
700 |a Márquez Sánchez, Calíope Dafne  |e autora  |9 890572 
700 |a Ramos Gómez, Esther  |e autora  |9 890573 
700 |a Uclés Sánchez, Francisco Javier  |e autor  |9 890574 
942 |2 ddc  |c BK 
952 |0 0  |1 0  |2 ddc  |4 0  |6 465_000000000000000_DOR_2024  |7 0  |8 A  |9 596231  |a BIBGIM  |b BIBGIM  |d 2024-08-07  |i 5662342  |o 465 DOR 2024  |p 5662342  |r 2025-01-15  |t 1  |w 2024-08-07  |y BK  |k ELE